Rise and growth of Arya samaj movement 1863 - 1947 (Record no. 1226411)

MARC details
000 -LEADER
fixed length control field 00645nam a2200217Ia 4500
005 - DATE AND TIME OF LATEST TRANSACTION
control field 20241129105859.0
008 - FIXED-LENGTH DATA ELEMENTS--GENERAL INFORMATION
fixed length control field 241129s9999||||xx |||||||||||||| ||und||
020 ## - INTERNATIONAL STANDARD BOOK NUMBER
International Standard Book Number 978-93-91952-20-4
037 ## - SOURCE OF ACQUISITION
Stock number TB
040 ## - CATALOGING SOURCE
Original cataloging agency ARTS
Language of cataloging eng
Transcribing agency ARTS
041 ## - LANGUAGE CODE
Language code of text/sound track or separate title eng
Source of code eng
084 ## - COLON CLASSIFICATION NUMBER
Classification number Q28M8:33 R2
Assigning agency ARTS
100 ## - MAIN ENTRY--PERSONAL NAME
Personal name Sharma Brij Kishore Au.
9 (RLIN) 589619
245 #0 - TITLE STATEMENT
Title Rise and growth of Arya samaj movement 1863 - 1947
Statement of responsibility, etc. Sharma Brij Kishore Au.
260 ## - PUBLICATION, DISTRIBUTION, ETC.
Place of publication, distribution, etc. Delhi, India
Name of publisher, distributor, etc. Pathak Publisher and Distridutors
Date of publication, distribution, etc. 2022
300 ## - PHYSICAL DESCRIPTION
Extent x,342p.
365 ## - TRADE PRICE
Price type code INR
Price amount 1595
650 ## - SUBJECT ADDED ENTRY--TOPICAL TERM
Topical term or geographic name entry element Religion
942 ## - ADDED ENTRY ELEMENTS (KOHA)
Koha item type Textbook
Classification part Q28M8:33 R2
Holdings
Withdrawn status Lost status Damaged status Not for loan Home library Current library Date acquired Source of acquisition Cost, normal purchase price Inventory number Total Checkouts Full call number Barcode Date last seen Price effective from Koha item type
        Arts Library Arts Library 2024-11-29 Eastern Book Linkers 1595.00 158 & 08/02/2023   Q28M8:33 R2 AL1667444 2024-11-29 2024-11-29 Textbook
Copyright @ Delhi University Library System